000 00261nam a2200109Ia 4500
008 220216s9999 xx 000 0 und d
100 _aThomas V
245 0 _aKaruthal venam, kaattinethire
260 _bMalayala Manorama
_c2013
650 _aRubber
942 _cBS
999 _c51138
_d51138